Estadísticas para Países más cercanos a Letonia

Haz click aquí para intentar la prueba.

Estadísticas generales

  • Esta prueba ha sido intentada 37 veces
  • La puntuación promedio es 19 de 20

Estadísticas de respuestas

kmpaís% Correcto
0Bielorrusia
100%
0Estonia
100%
0Lituania
100%
190Polonia
100%
0Rusia
100%
497Alemania
97%
213Finlandia
97%
833Hungría
97%
599Noruega
97%
144Suecia
97%
677Chequia
94%
385Dinamarca
94%
726Eslovaquia
94%
824Rumania
94%
467Ucrania
91%
808Moldavia
88%
862Austria
85%
942Países Bajos
85%
1073Eslovenia
82%
1102Serbia
82%

Distribución de puntuación

Porcentaje por número respondido

Porcentaje de gente con cada puntuación

Historial de tus puntuaciones

No has intentado esta prueba.